Seattle Sounders Best Scorer By Year - Statistics

General Stats
  • This quiz has been taken 95 times
    9 since last reset
  • The average score is 6 of 8
Answer Stats
Player % Correct
Jordan Morris
100%
Obafemi Martins
100%
Raúl Ruidíaz
100%
Clint Dempsey
89%
Daniel Musovski
89%
Fredy Montero
78%
Steve Zakuani
44%
Eddie Johnson
33%
No matching quizzes found
Score Distribution
Percent of People with Each Score
Percentile by Number Answered
Your Score History
You have not taken this quiz since the last reset